| 000 | 00000nas 2200000za 4500 |
| 001 | 9.502198 |
| 003 | CaOODSP |
| 005 | 20251023090119 |
| 007 | cr ||||||||||| |
| 008 | 231229u20009999oncar pso||||f0 b0fre|d |
| 022 | |a1926-1063 |
| 040 | |aCaOODSP|bfre |
| 043 | |an-cn-on|an-cn-qu |
| 086 | 1 |aW91F-PDF |
| 110 | 1 |aCanada. |bCommission de la Capitale nationale. |
| 222 | 0|aRapport annuel |b(Canada. Commission de la Capitale nationale) |
| 240 | 10|aRapport annuel (1993 : En ligne) |
| 245 | 10|aRapport annuel |h[ressource électronique] / |cCommission de la capitale nationale. |
| 260 | |aOttawa : |bCommission de la capitale nationale. |
| 310 | |aAnnuel |
| 362 | 1 |aParaît depuis 1999/2000? |
| 500 | |aPubl. aussi en anglais sous le titre : Annual report. |
| 520 | 3 |aPorte sur les activités de la Commission de la capitale nationale (CCN). La CCN a pour mandat d’édifier une grande capitale pour tous les Canadiens. À cette fin, elle établit des plans d’aménagement, de conservation et d’embellissement de la région de la capitale nationale, concourt à la réalisation de ces trois buts et organise, parraine et promeut des activités et des manifestations publiques dans la région de la capitale nationale. |
| 530 | |aÉgalement publ. en version imprimée. |
| 692 | 07|2gccst|aCapitale nationale |
| 775 | 08|tAnnual report |w(CaOODSP)9.505793 |
| 776 | 0#|tNational Capital Commission - annual report |w(CaOODSP)9.511742 |
| 776 | 0#|tCommission de la capitale nationale - rapport annuel |w(CaOODSP)9.511743 |
| 776 | 0#|tCommission de la capitale nationale - rapport annuel |w(CaOODSP)9.823356 |
| 780 | 00|t... annual report / |w(CaOODSP)9.931865 |